000 00328 a2200157 4500
001 57151
020 _a8573192720
040 _cAnchieta - Pituba
100 _aBelinky, Tatiana
240 1 0 _aAcontecĂȘncias
_lpor
245 1 0 _aAcontecĂȘncias
300 _a83
362 0 _a2002
650 4 _aLiteratura juvenil
942 _cBK
999 _c57151
_d57151